[Event "Southend Easter op 67th"]
[Site "Southend"]
[Date "2025.04.20"]
[Round "5"]
[White "Gopikrishna, Ashwin"]
[Black "Flynn, David"]
[Result "0-1"]
[WhiteElo "1657"]
[BlackElo "1860"]
[PlyCount "106"]
[EventDate "2025.04.18"]
[EventType "swiss"]
[EventRounds "7"]
[EventCountry "ENG"]
[SourceTitle "CB18_2025"]
[SourceDate "2025.04.30"]
[SourceVersion "1"]
[SourceVersionDate "2025.04.30"]
[SourceQuality "1"]

1. e4 c5 2. Nf3 Nc6 3. d4 cxd4 4. Nxd4 g6 5. c4 d6 6. Nc3 Nf6 7. Be2 Nxd4 8. Qxd4 Bg7 9. Be3 0-0 10. Qd2 a5 11. f3 a4 12. 0-0 Be6 13. Rac1 Qa5 14. Nd5 Qxd2 15. Bxd2 Nxd5 16. cxd5 Bd7 17. Rc7 Rfd8 18. Rfc1 Bxb2 19. R1c2 Bd4+ 20. Kf1 Rab8 21. Ba5 b6 22. Bb4 Bc5 23. Bd2 Kf8 24. Ba6 Ra8 25. Bh6+ Ke8 26. Bd3 Rdb8 27. Rxd7 Kxd7 28. Bb5+ Kd8 29. f4 Ra5 30. Bc6 Rc8 31. e5 Rxc6 32. dxc6 Kc7 33. Bg5 e6 34. exd6+ Bxd6 35. Ke2 Rc5 36. Rd2 Kxc6 37. g3 b5 38. Rb2 Rc4 39. Kd3 Bc5 40. Bf6 Rb4 41. Rc2 Rb1 42. Ke4 Re1+ 43. Kf3 Rd1 44. Ke4 Rd5 45. Be7 b4 46. Bxc5 Rxc5 47. Rb2 Kb5 48. Kd4 Rd5+ 49. Ke4 b3 50. axb3 a3 51. Rb1 Kb4 52. Ke3 a2 53. Ra1 Kxb3 0-1

[Event "Southend Easter op 67th"]
[Site "Southend"]
[Date "2025.04.18"]
[Round "2"]
[White "Gopikrishna, Ashwin"]
[Black "Wilson, Edgar"]
[Result "1-0"]
[WhiteElo "1657"]
[BlackElo "1917"]
[PlyCount "97"]
[EventDate "2025.04.18"]
[EventType "swiss"]
[EventRounds "7"]
[EventCountry "ENG"]
[SourceTitle "CB18_2025"]
[SourceDate "2025.04.30"]
[SourceVersion "1"]
[SourceVersionDate "2025.04.30"]
[SourceQuality "1"]

1. e4 e6 2. d4 d5 3. exd5 exd5 4. Bd3 Nc6 5. Nf3 Bd6 6. 0-0 Nge7 7. c3 0-0 8. Qc2 h6 9. Be3 Be6 10. Nbd2 Qd7 11. a4 Rae8 12. b4 Nf5 13. Nb3 Nce7 14. Bd2 Ng6 15. Nc5 Bxc5 16. bxc5 Nfe7 17. Rfe1 Bf5 18. a5 a6 19. Reb1 c6 20. Rb3 Bxd3 21. Qxd3 Nf5 22. Rab1 Rb8 23. g3 Rfe8 24. h4 h5 25. Ne5 Nxe5 26. dxe5 g6 27. Bf4 Re6 28. Rb6 Qe7 29. Rxa6 Qxc5 30. Rab6 Qxa5 31. Rxb7 Rxb7 32. Rxb7 Qa1+ 33. Kg2 Qe1 34. Qa6 Qe4+ 35. Kf1 Nxh4 36. Qa8+ Kg7 37. Bh6+ Kxh6 38. Qh8+ Kg5 39. gxh4+ Qxh4 40. Rxf7 Qh1+ 41. Ke2 Qe4+ 42. Kf1 Qxe5 43. Qxe5+ Rxe5 44. f4+ Kg4 45. fxe5 h4 46. e6 h3 47. Kg1 Kg3 48. e7 h2+ 49. Kh1 1-0

[Event "BCF-ch U12 rapid"]
[Site "Hull"]
[Date "2024.07.27"]
[Round "7"]
[White "Ren, Jason"]
[Black "Gopikrishna, Ashwin"]
[Result "1-0"]
[WhiteElo "1413"]
[BlackElo "1641"]
[PlyCount "147"]
[EventDate "2024.07.26"]
[EventType "swiss (rapid)"]
[EventRounds "9"]
[EventCountry "ENG"]
[SourceTitle "CBM 221 Extra"]
[Source "ChessBase"]
[SourceDate "2024.09.30"]
[SourceVersion "1"]
[SourceVersionDate "2024.09.30"]
[SourceQuality "1"]

1. e4 e6 2. d4 d5 3. exd5 exd5 4. c4 Nf6 5. Nc3 Be7 6. cxd5 Nxd5 7. Bc4 Nb6 8. Bb3 0-0 9. Nge2 Re8 10. 0-0 Bg4 11. f3 Bf5 12. Ng3 Bg6 13. f4 h6 14. f5 Bh7 15. Qg4 Bf6 16. Rd1 Bg5 17. Bxg5 Qxg5 18. Qxg5 hxg5 19. Re1 Nc6 20. d5 Nd4 21. Nge4 f6 22. g4 Nf3+ 23. Kf2 Nxe1 24. Rxe1 Kf7 25. Nb5 Re5 26. Nxc7 Rc8 27. Nd6+ Ke7 28. Nxc8+ Nxc8 29. Rxe5+ fxe5 30. Ne6 g6 31. Bc2 gxf5 32. Bxf5 Bxf5 33. gxf5 Kd6 34. Nxg5 Kxd5 35. f6 Kd6 36. Ke3 Nb6 37. f7 Ke7 38. Ke4 Nd7 39. h4 Kf6 40. b3 Nf8 41. Nf3 Kxf7 42. Nxe5+ Ke7 43. h5 Kf6 44. h6 Kg5 45. Nf7+ Kg6 46. Nd6 Kxh6 47. Nxb7 Nd7 48. Kd5 Nb6+ 49. Kc6 Kg5 50. Nd6 Kf4 51. Nb5 Nc8 52. Kc7 Ne7 53. Nxa7 Ke5 54. Nc6+ Nxc6 55. Kxc6 Kd4 56. a4 Kc3 57. a5 Kb4 58. a6 Ka5 59. a7 Kb4 60. a8Q Kxb3 61. Qb7+ Kc4 62. Qb5+ Kd4 63. Qd5+ Ke3 64. Kc5 Kf4 65. Qe6 Kf3 66. Qe5 Kf2 67. Qe4 Kg3 68. Qf5 Kg2 69. Qf4 Kh3 70. Qg5 Kh2 71. Kd4 Kh3 72. Ke3 Kh2 73. Kf2 Kh3 74. Qg3# 1-0

[Event "BCF-ch U12 rapid"]
[Site "Hull"]
[Date "2024.07.26"]
[Round "2"]
[White "Gopikrishna, Ashwin"]
[Black "Sasikumar, Srivathsan"]
[Result "0-1"]
[WhiteElo "1641"]
[BlackElo "1873"]
[PlyCount "62"]
[EventDate "2024.07.26"]
[EventType "swiss (rapid)"]
[EventRounds "9"]
[EventCountry "ENG"]
[SourceTitle "CBM 221 Extra"]
[Source "ChessBase"]
[SourceDate "2024.09.30"]
[SourceVersion "1"]
[SourceVersionDate "2024.09.30"]
[SourceQuality "1"]

1. e4 c5 2. Nf3 Nc6 3. d4 cxd4 4. Nxd4 g6 5. Nc3 Bg7 6. Be3 Nf6 7. f3 0-0 8. Qd2 d5 9. Nxc6 bxc6 10. 0-0-0 Bb7 11. exd5 cxd5 12. f4 Qa5 13. Kb1 Rfd8 14. Ne4 Qxd2 15. Nxd2 d4 16. Bg1 Nd5 17. Nf3 Nxf4 18. Bf2 e5 19. Bg3 Bxf3 20. gxf3 Nd5 21. Bf2 Rab8 22. Kc1 Rdc8 23. a3 Bh6+ 24. Rd2 Bxd2+ 25. Kxd2 Rxb2 26. Bd3 Nf4 27. Rc1 Nxd3 28. Kxd3 Rc3+ 29. Kd2 f5 30. f4 e4 31. Bxd4 Rd3+ 0-1

[Event "BCF-ch U12 rapid"]
[Site "Hull"]
[Date "2024.07.26"]
[Round "4"]
[White "Gopikrishna, Ashwin"]
[Black "Saxena, Samidh"]
[Result "1-0"]
[WhiteElo "1641"]
[BlackElo "1488"]
[PlyCount "105"]
[EventDate "2024.07.26"]
[EventType "swiss (rapid)"]
[EventRounds "9"]
[EventCountry "ENG"]
[SourceTitle "CBM 221 Extra"]
[Source "ChessBase"]
[SourceDate "2024.09.30"]
[SourceVersion "1"]
[SourceVersionDate "2024.09.30"]
[SourceQuality "1"]

1. e4 e6 2. d4 d5 3. e5 c5 4. c3 Nc6 5. Nf3 Qb6 6. Bd3 cxd4 7. 0-0 Bd7 8. Re1 0-0-0 9. cxd4 Bb4 10. Bd2 Bxd2 11. Qxd2 Nxd4 12. Nxd4 Qxd4 13. Nc3 Ne7 14. Rac1 Kb8 15. Qc2 Qb6 16. Na4 Bxa4 17. Qxa4 Rc8 18. Rb1 Nc6 19. Bf1 Qd4 20. Qa3 Nxe5 21. Qd6+ Rc7 22. Qxe5 Qxe5 23. Rxe5 Rhc8 24. Bd3 Rc1+ 25. Re1 Rxb1 26. Rxb1 g6 27. Kf1 e5 28. Rd1 d4 29. Ke2 f5 30. f3 a6 31. Kd2 Ka7 32. Re1 Re8 33. h4 h5 34. Bc4 Re7 35. Kd3 b5 36. Bb3 a5 37. f4 a4 38. Rxe5 Rb7 39. Bc2 Ka6 40. Re6+ Rb6 41. Rxb6+ Kxb6 42. Kxd4 Kc6 43. b4 Kd6 44. a3 Kc6 45. Bd3 Kb6 46. Kd5 Ka6 47. Kc6 Ka7 48. Bxb5 Kb8 49. Ba6 Ka7 50. b5 Kb8 51. b6 Ka8 52. Kc7 g5 53. Bb7# 1-0

[Event "BCF-ch Penrose U2000 op"]
[Site "Hull"]
[Date "2024.07.26"]
[Round "1"]
[White "Gopikrishna, Ashwin"]
[Black "Shanahan, Russell"]
[Result "1/2-1/2"]
[WhiteElo "1546"]
[BlackElo "1750"]
[PlyCount "54"]
[EventDate "2024.07.26"]
[EventType "swiss"]
[EventRounds "5"]
[EventCountry "ENG"]
[SourceTitle "CBM 221 Extra"]
[Source "ChessBase"]
[SourceDate "2024.09.30"]
[SourceVersion "1"]
[SourceVersionDate "2024.09.30"]
[SourceQuality "1"]

1. e4 e5 2. Nf3 Nc6 3. Bb5 g6 4. c3 Bg7 5. 0-0 Nge7 6. d4 exd4 7. cxd4 d5 8. e5 0-0 9. h3 a6 10. Ba4 Be6 11. Re1 h6 12. Bf4 Qd7 13. Nc3 Rad8 14. Qd2 Kh7 15. Rac1 b5 16. Bc2 Nf5 17. Ne2 f6 18. g4 Nfe7 19. Ng3 f5 20. g5 Ng8 21. h4 h5 22. Bd3 Rf7 23. Rc2 Bf8 24. a3 Rc8 25. Rec1 Nb8 26. Qa5 c6 27. a4 Qb7 1/2-1/2

[Event "BCF-ch U12 blitz"]
[Site "Hull"]
[Date "2024.07.25"]
[Round "8"]
[White "Gopikrishna, Ashwin"]
[Black "Pustyntsev, Oleksii"]
[Result "1-0"]
[WhiteElo "1412"]
[BlackElo "1662"]
[PlyCount "49"]
[EventDate "2024.07.25"]
[EventType "swiss (blitz)"]
[EventRounds "9"]
[EventCountry "ENG"]
[SourceTitle "CBM 221 Extra"]
[Source "ChessBase"]
[SourceDate "2024.09.30"]
[SourceVersion "1"]
[SourceVersionDate "2024.09.30"]
[SourceQuality "1"]

1. e4 c5 2. Nf3 Nc6 3. d4 cxd4 4. Nxd4 g6 5. Nc3 Bg7 6. Be3 Nf6 7. f3 0-0 8. Qd2 d6 9. 0-0-0 Nxd4 10. Bxd4 a6 11. Kb1 b5 12. g4 b4 13. Nd5 Nxd5 14. Bxg7 Kxg7 15. exd5 a5 16. h4 Bd7 17. h5 Rb8 18. hxg6 hxg6 19. Qh6+ Kf6 20. g5+ Ke5 21. f4+ Ke4 22. Bg2+ Ke3 23. Rd3+ Kf2 24. Qh4+ Kxg2 25. Qh2# 1-0

[Event "BCF-ch U12 blitz"]
[Site "Hull"]
[Date "2024.07.25"]
[Round "1"]
[White "Vaidyanathan, Adithya"]
[Black "Gopikrishna, Ashwin"]
[Result "1-0"]
[WhiteElo "1695"]
[BlackElo "1412"]
[PlyCount "86"]
[EventDate "2024.07.25"]
[EventType "swiss (blitz)"]
[EventRounds "9"]
[EventCountry "ENG"]
[SourceTitle "CBM 221 Extra"]
[Source "ChessBase"]
[SourceDate "2024.09.30"]
[SourceVersion "1"]
[SourceVersionDate "2024.09.30"]
[SourceQuality "1"]

1. Nf3 d5 2. d4 Nf6 3. c4 e6 4. Nc3 Be7 5. Bg5 c6 6. e3 Nbd7 7. cxd5 cxd5 8. Bd3 a6 9. 0-0 0-0 10. a3 h6 11. Bh4 Qc7 12. Rc1 Qb8 13. Bg3 Bd6 14. Bxd6 Qxd6 15. Na4 b5 16. Nc5 Nxc5 17. dxc5 Qc7 18. b4 Bb7 19. Qb3 Rac8 20. a4 Bc6 21. axb5 axb5 22. Nd4 Rb8 23. Ra1 e5 24. Nxc6 Qxc6 25. Ra5 e4 26. Be2 Rb7 27. Rfa1 Rfb8 28. Ra6 Qe8 29. Qa3 Nd7 30. c6 Rc7 31. cxd7 Qxd7 32. h3 Qc8 33. Ra8 Rxa8 34. Qxa8 Qxa8 35. Rxa8+ Kh7 36. Bxb5 Rb7 37. Ra5 Rb6 38. Kf1 Kg6 39. Ke2 Kf6 40. Kd2 Ke5 41. Kc3 f5 42. Be2 Rc6+ 43. Rc5 Rb6 1-0